Wind effects on buildings (Record no. 61779)

MARC details
000 -LEADER
fixed length control field 00526nam a2200157 a 4500
008 - FIXED-LENGTH DATA ELEMENTS--GENERAL INFORMATION
fixed length control field 120416s1980 ||||||||||||||||| || u
050 ## - LIBRARY OF CONGRESS CALL NUMBER
Classification number TH 891 Law
100 ## - MAIN ENTRY--PERSONAL NAME
Personal name Lawson, T. V
245 10 - TITLE STATEMENT
Title Wind effects on buildings
246 ## - VARYING FORM OF TITLE
Title proper/short title vol. 1
246 ## - VARYING FORM OF TITLE
Title proper/short title design applications
260 ## - PUBLICATION, DISTRIBUTION, ETC.
Place of publication, distribution, etc. London
Name of publisher, distributor, etc. Applied Science
Date of publication, distribution, etc. 1980
300 ## - PHYSICAL DESCRIPTION
Extent xix, 318p. : ill.
350 ## - PRICE (NR) (BK AM CF MU VM SE) [OBSOLETE]
Price 0.00
995 ## - RECOMMENDATION 995 [LOCAL, UNIMARC FRANCE]
-- 0.00
-- CBU-MAIN LIBRARY (Kitwe)
-- 1
-- 0.00
-- 1
-- AVAILABLE
-- Annex Low-Usage Collection
Holdings
Withdrawn status Lost status Source of classification or shelving scheme Damaged status Not for loan Home library Current library Shelving location Date acquired Total Checkouts Full call number Barcode Date last seen Price effective from Koha item type
          CBU-MAIN LIBRARY, KITWE. CBU-MAIN LIBRARY, KITWE.   11/30/2022   TH 891 Law 016116 11/30/2022 11/30/2022 MONOGRAPH